<?xml version="1.0" encoding="UTF-8"?><?xml-stylesheet type="text/xsl" href="static/style.xsl"?><OAI-PMH xmlns="http://www.openarchives.org/OAI/2.0/" xmlns:xsi="http://www.w3.org/2001/XMLSchema-instance" xsi:schemaLocation="http://www.openarchives.org/OAI/2.0/ http://www.openarchives.org/OAI/2.0/OAI-PMH.xsd"><responseDate>2026-04-17T04:09:43Z</responseDate><request verb="GetRecord" identifier="oai:www.recercat.cat:10459.1/67911" metadataPrefix="marc">https://recercat.cat/oai/request</request><GetRecord><record><header><identifier>oai:recercat.cat:10459.1/67911</identifier><datestamp>2024-12-05T23:05:37Z</datestamp><setSpec>com_2072_3622</setSpec><setSpec>col_2072_478537</setSpec></header><metadata><record xmlns="http://www.loc.gov/MARC21/slim" xmlns:dcterms="http://purl.org/dc/terms/" xmlns:xsi="http://www.w3.org/2001/XMLSchema-instance" xmlns:doc="http://www.lyncode.com/xoai" xsi:schemaLocation="http://www.loc.gov/MARC21/slim http://www.loc.gov/standards/marcxml/schema/MARC21slim.xsd">
   <leader>00925njm 22002777a 4500</leader>
   <datafield ind2=" " ind1=" " tag="042">
      <subfield code="a">dc</subfield>
   </datafield>
   <datafield ind2=" " ind1=" " tag="720">
      <subfield code="a">Zapater Muñoz, Ricard</subfield>
      <subfield code="e">author</subfield>
   </datafield>
   <datafield ind2=" " ind1=" " tag="260">
      <subfield code="c">2020-01-30T11:38:25Z</subfield>
   </datafield>
   <datafield ind2=" " ind1=" " tag="260">
      <subfield code="c">2020-01-30T11:38:25Z</subfield>
   </datafield>
   <datafield ind2=" " ind1=" " tag="260">
      <subfield code="c">2019-07</subfield>
   </datafield>
   <datafield ind2=" " ind1=" " tag="520">
      <subfield code="a">Aquest treball de fi de grau neix d’un treball anterior, realitzat l’any 2018 per un alumne&#xd;
del grau d’enginyeria mecànica [1], en el qual es va acabar amb el disseny conceptual d’un&#xd;
dispositiu que aniria acoblat a una cadira de rodes per a nens i nenes amb discapacitat de&#xd;
l’Associació AREMI.&#xd;
Aquest dispositiu serveix per motoritzar una cadira de rodes manual pediàtrica per automatitzar el seu moviment. L’objectiu és que els seus usuaris puguin experimentar el moviment&#xd;
que realitza el dispositiu com a resposta a les accions que ells mateixos fan.&#xd;
En el present treball de fi de grau s’implementarà la lògica de funcionament per tal que es&#xd;
pugui començar a fer un ús del dispositiu per part de l’Associació AREMI.</subfield>
   </datafield>
   <datafield ind1="8" ind2=" " tag="024">
      <subfield code="a">http://hdl.handle.net/10459.1/67911</subfield>
   </datafield>
   <datafield tag="653" ind2=" " ind1=" ">
      <subfield code="a">Interacció persona ordinador</subfield>
   </datafield>
   <datafield tag="653" ind2=" " ind1=" ">
      <subfield code="a">Accessibilitat</subfield>
   </datafield>
   <datafield tag="653" ind2=" " ind1=" ">
      <subfield code="a">Interacció persona-ordinador</subfield>
   </datafield>
   <datafield ind2="0" ind1="0" tag="245">
      <subfield code="a">Implementació de la lògica de funcionament d'un dispositiu per automatitzar una cadira de rodes manual per a nens i nenes amb discapacitat</subfield>
   </datafield>
</record></metadata></record></GetRecord></OAI-PMH>